| 000 | 00472nam a22001817a 4500 | ||
|---|---|---|---|
| 003 | CEME | ||
| 005 | 20210628205629.0 | ||
| 008 | 210309b xxu||||| |||| 00| 0 eng d | ||
| 020 | _a969-35-0814-9 | ||
| 040 | _c. | ||
| 082 | _a891.4394 ALT'L | ||
| 100 |
_aAltaf Gauhar _946494 |
||
| 245 | _aLiktey rahey jonoo ki hakait | ||
| 260 |
_aLAHORE _bSANG-E-MEEL _c1997 |
||
| 300 | _a486P | ||
| 650 |
_aURDU ADAB-ESSAYS PAKISTAN-POLITICAL SITUATION _976335 |
||
| 942 |
_cBK _2ddc |
||
| 999 |
_c581731 _d581731 |
||